| 000 | 00837cam a22002174a 4500 | ||
|---|---|---|---|
| 005 | 20250605164214.0 | ||
| 008 | 250528s ||||||||||||||||||||||||d | ||
| 035 | _a20416 | ||
| 020 | _a415029384 | ||
| 040 |
_aGR-AtMCL _bgre _dGR-AtMCL _eAACR2 |
||
| 245 | 1 | _aThe Power of Address / Explorations in Rhetoric | |
| 250 | _a1st | ||
| 260 |
_bRouledge, _c1989 |
||
| 300 | _a272 | ||
| 520 | _aA sense of perpetual dialogue, between speakers and listeners, question and answer, proposition and counter-proposition. Preface, Introduction, Performance 1: Some Versions of Oratory, Performance 2: Popular Pleasures, Argument, The Prison-House of Rhetoric, Interpreting Stories, Reviving Rhetoric, Bibliography, Index. | ||
| 700 | 1 |
_aLeith Dick _96398 |
|
| 700 | 1 |
_aMyerson George _96399 |
|
| 942 | _cBK | ||
| 999 |
_c5525 _d5525 |
||